000 00519nab a2200145Ia 4500
003 ES-SlBCS
005 20210601131456.0
008 140529s1955 xxu||||| |||| 00| 0 fre d
041 _afre
100 1 _aRauwens, Joseph
_9185371
245 0 0 _aLe problème philosophique des attributs de Dieu et leur valeur normative pour l'action
_c Joseph Rauwens
650 0 4 _aAtributos Divinos
_9132337
773 0 _tRevue Philosophique de Louvain (Antes, Revue Néo-Scolostique
_gvol. 53, 1955, págs. 165-196
_wRev378
942 _cAR
999 _c563709
_d563709